Top 15 Countries with Covid-19 Cases - 1 July 2022 - Statistics

General Stats
  • This quiz has been taken 35 times
  • The average score is 17 of 29
Answer Stats
country % Correct
United States
100%
United Kingdom
97%
France
94%
Spain
91%
Brazil
88%
Germany
88%
India
88%
Italy
88%
Japan
85%
Russia
79%
Argentina
67%
Portugal
67%
Belgium
64%
South Korea
64%
Netherlands
61%
Netherlands
61%
Turkey
58%
Vietnam
52%
Denmark
48%
Austria
45%
Czechia
36%
Switzerland
36%
Estonia
33%
Latvia
30%
Lithuania
27%
Slovenia
27%
Israel
24%
Cyprus
6%
Georgia
3%
No matching quizzes found
Score Distribution
Percent of People with Each Score
Percentile by Number Answered
Your Score History
You have not taken this quiz